000 00476nam a22001937a 4500
005 20190323102357.0
008 190323b xxu||||| |||| 00| 0 eng d
020 _a9781787330726
_cRs. 599.00
040 _aLoreto College
041 _aEnglish
082 _aF
_bOND
100 _aOndaatje, Michael
245 _aWarlight
_cMichael Ondaatje
260 _aLondon
_bJonathan Cape
_c2018
300 _a290 p.
_b24 cm.
650 _aFiction
850 _aLCLIB
942 _cBK
999 _c42025
_d92504